| Tag |
First Indicator |
Second Indicator |
Subfields |
| LEADER |
00000cgm a2200000Ka 4500 |
| 001 |
in00001844321 |
| 005 |
20190914063239.0 |
| 007 |
vd cvaizu |
| 008 |
040702m20032004xxk130 e vleng d |
| 028 |
4 |
2 |
|a 32311
|b Films for the Humanities
|
| 028 |
4 |
2 |
|a 32312
|b Films for the Humanities
|
| 028 |
4 |
2 |
|a 32313
|b Films for the Humanities
|
| 035 |
|
|
|a (OCoLC)ocm53029075
|
| 040 |
|
|
|a DCU
|c DCU
|d OCLCQ
|d TXA
|d UtOrBLW
|
| 049 |
|
|
|a TXAM
|
| 090 |
|
|
|a PA3827.A7
|b O74 2003
|
| 100 |
0 |
|
|a Aeschylus.
|
| 240 |
1 |
0 |
|a Oresteia.
|l English
|
| 245 |
1 |
4 |
|a The Oresteia :
|b the trilogy /
|c by Aeschylus ; [translated by] Tony Harrison ; [produced by] National Theatre of Great Britain.
|
| 264 |
|
1 |
|a Princeton, N.J. :
|b Films for the Humanities,
|c [2003-2004]
|
| 300 |
|
|
|a 3 videodiscs :
|b sound, color ;
|c 4 3/4 in.
|
| 336 |
|
|
|a two-dimensional moving image
|b tdi
|2 rdacontent
|
| 337 |
|
|
|a video
|b v
|2 rdamedia
|
| 338 |
|
|
|a videodisc
|b vd
|2 rdacarrier
|
| 538 |
|
|
|a DVD and DVD-R.
|
| 511 |
1 |
|
|a Peter Hall and the National Theatre of Great Britain ; Agamemnon, James Carter ; Electra, Roger Gartland ; Clytemrestra, Philip Donaghy ; Pylades, Timothy Davis ; Orestes, Greg Hicks.
|
| 508 |
|
|
|a Director, Peter Hall ; music, Harrison Bertwistle ; designer, Jocelyn Herbert.
|
| 500 |
|
|
|a "A National Theatre of Great Britain production for Channel 4 Television"--Containers.
|
| 505 |
0 |
|
|a [no. 1.] Agamemnon -- [no. 2.] Choephori (The libation bearers) -- [no. 3.] Eumenides (The furies)
|
| 500 |
|
|
|a Videorecording.
|
| 655 |
|
0 |
|a Greek drama (Tragedy)
|
| 700 |
1 |
|
|a Hall, Peter,
|d 1930-2017.
|
| 700 |
1 |
|
|a Harrison, Tony,
|d 1937-
|
| 700 |
1 |
|
|a James Carter.
|
| 700 |
1 |
|
|a Gartland, Roger.
|
| 700 |
1 |
|
|a Donaghy, Pip.
|
| 700 |
0 |
|
|a Aeschylus.
|t Agamemnon.
|l English.
|
| 700 |
0 |
|
|a Aeschylus.
|t Choephori.
|l English.
|
| 700 |
0 |
|
|a Aeschylus.
|t Eumenides.
|l English.
|
| 710 |
2 |
|
|a National Theatre (Great Britain)
|
| 710 |
2 |
|
|a Films for the Humanities (Firm)
|
| 740 |
0 |
2 |
|a Agamemnon.
|
| 740 |
0 |
2 |
|a Choephori (The libation bearers)
|
| 740 |
0 |
2 |
|a Eumenides (The furies)
|
| 740 |
0 |
2 |
|a Libation bearers.
|
| 740 |
0 |
2 |
|a Furies.
|
| 948 |
|
|
|a cataloged
|b h
|c 2004/9/17
|d c
|e mphillip
|f 12:27:36 pm
|
| 994 |
|
|
|a E0
|b TXA
|
| 999 |
|
|
|a MARS
|
| 999 |
f |
f |
|s 9d83e0ad-f037-3658-b3ad-ba9029fc11c5
|i cff2aa05-0d94-3454-9dd3-2810ededdaf4
|t 0
|
| 952 |
f |
f |
|p dvd
|a Texas A&M University
|b College Station
|c Sterling C. Evans Library
|d Evans: Media and Reserves (Annex 1st floor)
|t 0
|e PA3827.A7 O74 2003
|h Library of Congress classification
|i video -- videodisc
|k no.3
|m A14832513646
|
| 952 |
f |
f |
|p dvd
|a Texas A&M University
|b College Station
|c Sterling C. Evans Library
|d Evans: Media and Reserves (Annex 1st floor)
|t 0
|e PA3827.A7 O74 2003
|h Library of Congress classification
|i video -- videodisc
|k no.2
|m A14832514210
|
| 952 |
f |
f |
|p dvd
|a Texas A&M University
|b College Station
|c Sterling C. Evans Library
|d Evans: Media and Reserves (Annex 1st floor)
|t 0
|e PA3827.A7 O74 2003
|h Library of Congress classification
|i video -- videodisc
|k no.1
|m A14832514171
|
| 998 |
f |
f |
|a PA3827.A7 O74 2003
|s no.1-3
|t 0
|l Evans: Media and Reserves (Annex 1st floor)
|